| 000 | 01206nam a2200289 a 4500 | ||
|---|---|---|---|
| 999 |
_c329861 _d329861 |
||
| 003 | BLK | ||
| 005 | 20250531143804.0 | ||
| 008 | 190402b bu |||||r|||| 00| 0 bu d | ||
| 020 | _a9786190203117 | ||
| 040 | _aBLK | ||
| 041 |
_aBUL _cBUL |
||
| 080 |
_aНемска литература _b821.112.2 _x(436)-94 _z821.112.2(436)-94 |
||
| 100 |
_9265498 _aЦвайг, Стефан _eпърви автор |
||
| 139 |
_aЦвайг, Стефан _bЦ 29 |
||
| 245 |
_aСветът от вчера _bспомени на един европеец _c Стефан Цвайг ; прев. от нем. Анна Лилова |
||
| 260 |
_9209486 _aСофия _bКолибри _c2018 _fСофия: Инвестпрес |
||
| 300 |
_a479 с. _c20 см |
||
| 380 | _aX | ||
| 490 | _aМодерна класика | ||
| 500 | _aОриг. загл.: Die Welt von Gestern / Stefan Zweig. - Биогр. данни за авт. отбелязани на гърба на кор. | ||
| 700 |
_9320413 _aЛилова, Анна _eпрев. от нем. |
||
| 852 | _aЦб 294354 | ||
| 942 |
_cKNG _n0 _026 |
||
| 944 |
_aCR _c2019-04-02 _k30540 _lСевдалина Тодорова |
||
| 999 | _d329861 | ||
| 999 | _d329861 | ||